Prueba de Hawái - Estadísticas

Estadísticas generales
  • Esta prueba ha sido intentada 17 veces
  • La puntuación promedio es 14 de 19
Estadísticas de respuestas
Pista Respuesta % Correcto
Océano que rodea al archipiélago Océano Pacífico
100%
Capital y ciudad más poblada Honolulu
92%
Primer imperio en llegar a las islas Imperio Británico
92%
Base naval atacada en 1941 por japoneses Pearl Harbor
92%
Todas las islas son de origen _______ Volcánico
92%
Islas más grandes Hawái
83%
Palabra que sirve para saludarse o despedirse en la lengua de arriba Aloha
75%
Presidente estadounidense nacido en Hawái Barack Obama
75%
Pico más alto del mundo desde su base Mauna {Kea}
75%
Deporte con tablas creado en Hawái Surf
75%
Idioma originario del territorio Hawaiano
67%
País más cercano al archipiélago Kiribati
67%
Grupo indígena del Pacífico al que pertenecen los nativos de Hawái Polinesios
67%
Elemento que aparece en una esquina de la bandera estatal Union {Jack}
67%
Islas más grandes Maui
58%
Rey que unificó las islas Kamehameha I
50%
Islas más grandes Oahu
50%
Baile típico Hula
42%
Volcán más activo de las islas, ubicado en la isla grande Kīlauea
33%
No se encontraron pruebas coincidentes
Distribución de puntuación
Porcentaje de gente con cada puntuación
Porcentaje por número respondido
Historial de tus puntuaciones
No has intentado esta prueba.